Genius Level General Knowledge - Multiple Choice #8 - Statistics

General Stats
  • This quiz has been taken 33 times
  • The average score is 5 of 10
Answer Stats
Question Answer % Correct
Which of these words comes from the name of a person? Sadism
70%
What type of cell is greatly reduced in the blood of a patient suffering from AIDS? T-cells
67%
Who developed the binomial nomenclature system of naming species? Carl Linnaeus
47%
What do people hope to gain by kissing the Blarney Stone Eloquence
47%
Under which emperor did the Roman Empire reach its maximum size? Trajan
43%
In its original sense, what is a "gremlin"? A creature that sabotages aircraft
40%
Which of these people was NOT a mathematician? Glenn Gould
40%
Which of these languages sounds like Hindi but is written with an entirely different script? Urdu
40%
Which of these animals kills the most humans each year? Snakes
30%
What country's last remaining glacier was downgraded to an ice field in 2024? Venezuela
30%
No matching quizzes found
Score Distribution
Percent of People with Each Score
Percentile by Number Answered
Your Score History
You have not taken this quiz